000 00765cam a2200277 4500
001 J61259
008 000000n2000 000 0 eng u
035 _a(Sirsi) u105923
041 _aeng
050 _a333.33016
110 _aLaSalle Investment Management
_93750
245 _aUK property index. - First, second, third and fourth quarter 2000
260 _aLondon
_bLaSalle Investment Management
_c2000
300 _a4 pt. ; 30cm.
350 _a0
650 _aCAPITAL VALUES
650 _aINDUSTRIAL PROPERTY
650 _aOFFICES
650 _aPROPERTY INDICES
650 _aPROPERTY INVESTMENT
650 _aRENTAL VALUES
650 _aSHOPS
690 _aPROPERTY-COMMERCIAL PROPERTY
710 _aJones Lang Wootton
_92909
942 _n0
999 _c100500
_d100500